[Event "US Championship"]
[Site "Saint Louis USA"]
[Date "2017.04.07"]
[EventDate "2017.03.29"]
[Round "9.4"]
[Result "1/2-1/2"]
[White "Ray Robson"]
[Black "Yaroslav Zherebukh"]
[WhiteElo "2668"]
[BlackElo "2605"]
[PlyCount "118"]

1. e4 c5 2. Nf3 d6 3. d4 cxd4 4. Nxd4 Nf6 5. Nc3 a6 6. Be3 e6
7. f3 b5 8. Qd2 Nbd7 9. g4 h6 10. a3 Bb7 11. O-O-O Rc8 12. h4
d5 13. Rg1 dxe4 14. g5 hxg5 15. hxg5 Nd5 16. Nxe4 g6 17. Kb1
b4 18. axb4 Bxb4 19. c3 Nxe3 20. Qxe3 Bxe4+ 21. Qxe4 Bxc3
22. Nxe6 Qb6 23. Nc5+ Be5 24. Nd3 O-O 25. Nxe5 Nxe5 26. Rh1
Qf2 27. Be2 Rfe8 28. Qf4 Re6 29. Rh2 Qc5 30. Rdh1 Kf8 31. Rh8+
Ke7 32. Rxc8 Qxc8 33. Qb4+ Rd6 34. Rd1 Qc6 35. Re1 Qb6
36. Qxb6 Rxb6 37. Bxa6 Re6 38. Bb7 Nc4 39. Rxe6+ Kxe6 40. Kc2
Kf5 41. b4 Kxg5 42. Kc3 Nd6 43. Bc6 Kf4 44. Kd4 g5 45. Kd5 Nc8
46. Kc5 Ke5 47. b5 Ke6 48. Bd5+ Ke7 49. Bc4 f6 50. Kc6 Na7+
51. Kc5 Nc8 52. Bd3 Kd7 53. Bf5+ Kc7 54. Kd5 Nb6+ 55. Ke6 Nc4
56. Kxf6 Nd2 57. Bg4 Kb6 58. Kxg5 Nxf3+ 59. Bxf3 Kxb5 1/2-1/2

[Event "US Championship"]
[Site "Saint Louis USA"]
[Date "2017.04.07"]
[EventDate "2017.03.29"]
[Round "9.6"]
[Result "1/2-1/2"]
[White "Daniel Naroditsky"]
[Black "Alexander Shabalov"]
[WhiteElo "2646"]
[BlackElo "2556"]
[PlyCount "117"]

1. e4 c5 2. Nf3 d6 3. d4 cxd4 4. Nxd4 Nf6 5. Nc3 Nc6 6. Bg5 e6
7. Qd2 a6 8. O-O-O Bd7 9. f4 b5 10. Bxf6 gxf6 11. Nxc6 Bxc6
12. Kb1 b4 13. Ne2 Bxe4 14. Ng3 Bc6 15. Qxb4 Be7 16. Nh5 a5
17. Qc3 Be4 18. f5 Rc8 19. Qe3 Bxc2+ 20. Ka1 Rc5 21. Rc1 Qc8
22. Be2 Rg8 23. fxe6 Qxe6 24. Qd2 Ba4 25. Bf3 Bd7 26. Rxc5
dxc5 27. Rd1 Bc8 28. Nf4 Qe5 29. Re1 Qd4 30. Qe2 Qd6 31. Qe4
Kf8 32. g3 f5 33. Qa8 Kg7 34. Qxa5 Kh8 35. Nh5 Bd8 36. Qc3+
Qd4 37. Qc1 Be6 38. Rd1 Qe5 39. Nf4 Bf6 40. Nd3 Qb8 41. Nf4
Rc8 42. Ne2 Rc7 43. Nc3 Kg7 44. Bd5 Bc8 45. Bc4 Rb7 46. Re1
Rb4 47. Bb3 Bb7 48. Qd2 Be4 49. g4 c4 50. gxf5 Bxf5 51. Nd5
Rxb3 52. Nxf6 c3 53. Nh5+ Kg8 54. Rg1+ Bg6 55. Rxg6+ hxg6
56. Nf6+ Kg7 57. Nh5+ Kg8 58. Nf6+ Kg7 59. Nh5+ 1/2-1/2

[Event "US Championship"]
[Site "Saint Louis USA"]
[Date "2017.04.08"]
[EventDate "2017.03.29"]
[Round "10"]
[Result "1-0"]
[White "Fabiano Caruana"]
[Black "Alexander Shabalov"]
[WhiteElo "2817"]
[BlackElo "2556"]
[PlyCount "65"]

1. e4 c5 2. Nf3 d6 3. d4 cxd4 4. Nxd4 Nf6 5. Nc3 g6 6. Be3 a6
7. f3 b5 8. Qd2 Bb7 9. g4 h6 10. O-O-O Nbd7 11. h4 Rc8 12. Bd3
b4 13. Nce2 e5 14. Nb3 d5 15. exd5 Nxd5 16. h5 g5 17. Ng3 Qc7
18. Rhe1 Be7 19. Nf5 N7f6 20. Bf2 Kf8 21. Nxe7 Nxe7 22. Bg3
Nd7 23. Nd4 Qa5 24. Kb1 Qb6 25. Bf5 Rc4 26. Ne6+ fxe6 27. Qxd7
exf5 28. Bxe5 Rh7 29. Bd6 Bc8 30. Bxe7+ Kf7 31. Qd3 Rc3
32. Qd8 Qxd8 33. Rxd8 1-0

[Event "US Championship"]
[Site "Saint Louis USA"]
[Date "2017.04.08"]
[EventDate "2017.03.29"]
[Round "10"]
[Result "1/2-1/2"]
[White "Varuzhan Akobian"]
[Black "Ray Robson"]
[WhiteElo "2645"]
[BlackElo "2668"]
[PlyCount "99"]

1. d4 Nf6 2. c4 e6 3. Nf3 d5 4. Nc3 c6 5. e3 Nbd7 6. Qc2 Bd6
7. Be2 O-O 8. O-O dxc4 9. Bxc4 b5 10. Be2 Bb7 11. Rd1 b4
12. Na4 Rc8 13. Nc5 Qb6 14. Nxb7 Qxb7 15. Qa4 c5 16. Ba6 Qc6
17. Qxc6 Rxc6 18. Bb5 Rb6 19. Be2 Rc8 20. dxc5 Nxc5 21. Nd2
Be7 22. Nc4 Rbc6 23. Na5 R6c7 24. f3 Na4 25. Bb5 Rc5 26. Bxa4
Rxa5 27. Bb3 Nd5 28. Bd2 Rb5 29. Rac1 Rxc1 30. Rxc1 Rc5
31. Rxc5 Bxc5 32. Kf2 Nb6 33. Ke2 Kf8 34. f4 a5 35. Kd3 Ke7
36. e4 Kd6 37. g4 Bg1 38. h4 Kc5 39. a3 Bd4 40. axb4+ axb4
41. Bxe6 fxe6 42. Bxb4+ Kxb4 43. Kxd4 Nd7 44. f5 exf5 45. gxf5
Kb5 46. Kd5 Nf6+ 47. Ke6 Nxe4 48. Kf7 Nd6+ 49. Kxg7 Nxf5+
50. Kxh7 1/2-1/2

[Event "US Championship"]
[Site "Saint Louis USA"]
[Date "2017.04.08"]
[EventDate "2017.03.29"]
[Round "10"]
[Result "1-0"]
[White "Alexander Onischuk"]
[Black "Jeffery Xiong"]
[WhiteElo "2667"]
[BlackElo "2674"]
[PlyCount "103"]

1. d4 Nf6 2. c4 g6 3. Nc3 d5 4. cxd5 Nxd5 5. e4 Nxc3 6. bxc3
Bg7 7. Nf3 c5 8. Be3 Bg4 9. Rc1 O-O 10. Be2 Qa5 11. Qd2 cxd4
12. cxd4 Nc6 13. Qxa5 Nxa5 14. h3 Bxf3 15. Bxf3 Rfc8 16. Ke2
e5 17. dxe5 Bxe5 18. Bg4 Rc4 19. f4 Bb2 20. Rxc4 Nxc4 21. Bf2
Re8 22. Bf3 Na3 23. Rd1 Rc8 24. e5 Bc1 25. Bxb7 Rc2+ 26. Kf3
Bd2 27. Bd5 Nb5 28. Bb3 Rb2 29. g3 Nc3 30. Ra1 a5 31. e6 fxe6
32. Bxe6+ Kf8 33. Bc5+ Kg7 34. Bd4+ Kf8 35. Bb3 Ke8 36. Rf1 a4
37. Bxc3 Bxc3 38. Bxa4+ Kf8 39. Bb3 Bd2 40. Rf2 Bc3 41. Rxb2
Bxb2 42. Ke4 Ba3 43. Ke5 Ke7 44. g4 Bd6+ 45. Ke4 Ba3 46. Bg8
h6 47. h4 Kf6 48. Bb3 Ke7 49. g5 hxg5 50. hxg5 Kf8 51. Kf3 Kg7
52. Kg4 1-0

[Event "US Championship"]
[Site "Saint Louis USA"]
[Date "2017.04.08"]
[EventDate "2017.03.29"]
[Round "10"]
[Result "1/2-1/2"]
[White "Samuel Shankland"]
[Black "Daniel Naroditsky"]
[WhiteElo "2666"]
[BlackElo "2646"]
[PlyCount "109"]

1. d4 Nf6 2. c4 e6 3. g3 d5 4. Bg2 Bb4+ 5. Bd2 Bd6 6. Nf3 c6
7. Nc3 Nbd7 8. b3 dxc4 9. bxc4 e5 10. e3 exd4 11. exd4 Qe7+
12. Qe2 O-O 13. Qxe7 Bxe7 14. O-O Nb6 15. c5 Nbd5 16. Nxd5
Nxd5 17. Rab1 f6 18. Rfc1 a5 19. a4 Rd8 20. Ne1 Ra7 21. Nc2 f5
22. Ne3 Nf6 23. Bc3 Be6 24. Ba1 Kf7 25. Bf1 Ne4 26. Rd1 Bg5
27. Nc4 Kf8 28. Kg2 Bxc4 29. Bxc4 Nd2 30. h4 Bh6 31. Rbc1 Nxc4
32. Rxc4 g6 33. Rc2 Bg7 34. Bc3 Rd7 35. Rb2 Kf7 36. Kf3 Bf6
37. Ke3 Ra8 38. Kd3 Re8 39. Kc4 Re4 40. Rbd2 Rd8 41. Rd3 Ra8
42. Rb1 Re7 43. Bd2 Rd7 44. Bf4 Re8 45. Rd2 Re4 46. Rbd1 Rd5
47. f3 Re7 48. Bd6 Rd7 49. Re2 h5 50. f4 Bg7 51. Rd3 Bf6
52. Red2 Be7 53. Be5 Bf8 54. Rd1 Be7 55. R1d2 1/2-1/2